00732nam a2200169 a 450000100100000000500170001000800410002704000250006808200180009310000340011124500880014526000450023330000410027850001970031965000300051670000160054600001155120200929162504.0091020s1953 ag ad 001 0bspa  aDO-SdBNPbspacBNPHU a927.43bL345F1 aFernández Coria, Valentín14aLas grandes partidas de Emanuel Lasker /cValentín Fernández Coria, Luis Palau. aBuenos Aires :bSopena Argentina,c1953. a150, [1] p. :bil., tablas ;c24 cm. aOchenta y cuatro producciones escogidas de entre las mas notables del maestro alemán, uno de los más extraordinarios ajedrecistas de todos los tiempos y campeón del mundo de 1894 a 1921. 4aLaske, emanuely1868-19411 aPalau, Luis